[Event "GRENKE Chess Classic 2024"]
[Site "Karlsruhe GER"]
[Date "2024.03.26"]
[Round "1"]
[White "Keymer,Vincent"]
[Black "Fridman,D"]
[Result "1/2-1/2"]
[WhiteElo "2738"]
[BlackElo "2590"]
[EventDate "2024.03.26"]
[Annotator "novelty-grinder 0.1-dev"]

1. d4 d5 2. Nf3 Nf6 3. e3 e6 { Eval=59.11% N=2364[%cal Gb2b3] } 4. Nbd2 ( { Eval=58.94% Popularity=3.51% } 4. b3 ) 4... c5 { Eval=59.48% N=268 } 5. b3 Nc6 { Eval=59.77% N=38[%cal Ga2a3,Rf1d3] } 6. Bb2 ( { Eval=59.46% Popularity=2.63% } 6. a3 ) ( { Eval=59.14% } 6. Bd3 $146 ) 6... cxd4 7. exd4 g6 8. a3 Bg7 9. Bd3 O-O 10. Qe2 Qb6 11. O-O Nd7 12. Qe3 e5 13. dxe5 Qxe3 14. fxe3 Ndxe5 15. Rab1 Nxd3 16. cxd3 Bf5 17. e4 dxe4 18. dxe4 Be6 19. Bxg7 Kxg7 20. Rfc1 Rfd8 21. Rc3 Rd7 22. Rb2 Rad8 23. Kf2 Nd4 24. Nxd4 Rxd4 25. Ke3 f5 26. Rc7+ R8d7 27. Rxd7+ Rxd7 28. g3 fxe4 29. Nxe4 Bf5 30. Rd2 Re7 31. Rd4 Bd7 32. Kf2 Rf7+ 33. Ke3 Re7 34. Kf2 Rf7+ 35. Ke3 Re7 1/2-1/2

[Event "GRENKE Chess Classic 2024"]
[Site "Karlsruhe GER"]
[Date "2024.03.26"]
[Round "1"]
[White "Rapport,R"]
[Black "Carlsen,M"]
[Result "1-0"]
[WhiteElo "2720"]
[BlackElo "2830"]
[EventDate "2024.03.26"]
[Annotator "novelty-grinder 0.1-dev"]

1. e4 c6 2. d4 d5 3. e5 Bf5 { Eval=65.97% N=20594[%cal Gf1e2] } 4. h4 ( { Eval=65.97% Popularity=0.99% } 4. Be2 ) 4... h5 { Eval=63.22% N=2218 } 5. Bd3 Bxd3 { Eval=63.07% N=998 } 6. Qxd3 Qa5+ { Eval=63.28% N=430 } 7. c3 e6 { Eval=62.14% N=7[%cal Rb2b4] } 8. a4 ( { Eval=62.27% } 8. b4 $146 ) 8... c5 9. dxc5 Qxc5 10. Nf3 Qc7 11. Na3 Bxa3 12. Rxa3 Nd7 13. O-O Ne7 14. Re1 Rc8 15. Qd1 a6 16. Bg5 Ng6 17. a5 O-O 18. Ra4 Rce8 19. Rd4 Ndxe5 20. Nxe5 Nxe5 21. Bf4 f6 22. Qxh5 Qf7 23. Qxf7+ Nxf7 24. Bh2 Kh7 25. g4 Nd8 26. Bd6 Rg8 27. Rb4 Nc6 28. Rxb7 Nxa5 29. Rd7 Nc4 30. b3 Nd2 31. Re2 Nxb3 32. Be7 Kh6 33. Kf1 e5 34. Rb2 Na5 35. Rb6 Nc4 36. Rxa6 Ra8 37. Rxa8 Rxa8 38. Rxd5 Ra2 39. Bc5 Rc2 40. Rd3 Nd2+ 41. Rxd2 1-0

[Event "GRENKE Chess Classic 2024"]
[Site "Karlsruhe GER"]
[Date "2024.03.26"]
[Round "1"]
[White "Vachier Lagrave,M"]
[Black "Ding Liren"]
[Result "1/2-1/2"]
[WhiteElo "2728"]
[BlackElo "2762"]
[EventDate "2024.03.26"]
[Annotator "novelty-grinder 0.1-dev"]

1. d4 Nf6 2. Bf4 d5 3. e3 c5 { Eval=59.25% N=2908 } 4. Nf3 e6 { Eval=59.35% N=1566[%cal Gh2h3,Gf1d3] } 5. c3 ( { Eval=58.47% Popularity=0.06% } 5. h3 ) ( { Eval=58.36% Popularity=0.19% } 5. Bd3 ) 5... Bd6 { Eval=59.40% N=233[%cal Gf1d3] } 6. Ne5 ( { Eval=59.40% Popularity=3.86% } 6. Bd3 ) 6... Nc6 { Eval=54.79% N=4[%cal Rf1b5] } 7. Nd2 ( { Eval=53.86% } 7. Bb5 $146 ) 7... Qc7 8. Bb5 O-O 9. Bxc6 bxc6 10. O-O Ba6 11. Re1 Ne4 12. Nxe4 dxe4 13. Qg4 Rae8 14. b3 f6 15. Nc4 Bxf4 16. Qxf4 Qxf4 17. exf4 Bxc4 18. bxc4 cxd4 19. Rxe4 dxc3 20. Re3 c2 21. Rc3 e5 22. fxe5 Rxe5 23. Rxc2 Kf7 24. g3 Rfe8 25. Kf1 R8e7 26. Rb1 Kg6 27. Rb8 Re1+ 28. Kg2 R1e2 29. Rxe2 Rxe2 30. Rc8 Rxa2 31. Rxc6 a5 32. Ra6 Rc2 33. Rxa5 Rxc4 34. h4 h5 35. Ra6 Rb4 36. Ra5 Rc4 37. Ra6 Rb4 38. Ra5 Rc4 1/2-1/2

[Event "GRENKE Chess Classic 2024"]
[Site "Karlsruhe GER"]
[Date "2024.03.26"]
[Round "2"]
[White "Ding Liren"]
[Black "Rapport,R"]
[Result "1/2-1/2"]
[WhiteElo "2762"]
[BlackElo "2720"]
[EventDate "2024.03.26"]
[Annotator "novelty-grinder 0.1-dev"]

1. d4 Nf6 2. c4 e6 3. g3 c5 { Eval=65.50% N=5332 } 4. d5 exd5 { Eval=65.62% N=3739 } 5. cxd5 d6 { Eval=65.04% N=2815[%cal Rf2f3,Gg1f3,Ga2a4,Rh2h3] } 6. Nc3 ( { Eval=65.14% Popularity=2.06% } 6. Nf3 ) ( { Eval=65.50% Popularity=0.25% } 6. a4 ) ( { Eval=64.86% } 6. h3 $146 ) ( { Eval=64.09% } 6. f3 $146 ) 6... g6 { Eval=64.84% N=2846[%cal Rh2h3] } 7. Bg2 ( { Eval=64.16% } 7. h3 $146 ) 7... Bg7 { Eval=63.70% N=2676 } 8. Nf3 O-O { Eval=63.36% N=4569[%cal Gc1f4] } 9. O-O ( { Eval=63.25% Popularity=0.09% } 9. Bf4 ) 9... Re8 { Eval=63.11% N=2639[%cal Rd1b3] } 10. Re1 ( { Eval=62.41% } 10. Qb3 $146 ) 10... a6 { Eval=64.03% N=140 } 11. a4 Nbd7 { Eval=64.14% N=140 } 12. Bf4 Qc7 { Eval=64.10% N=34 } 13. h3 Rb8 14. e4 Nh5 15. Be3 Nhf6 16. Bf4 Nh5 17. Be3 Nhf6 18. Bf4 1/2-1/2

[Event "GRENKE Chess Classic 2024"]
[Site "Karlsruhe GER"]
[Date "2024.03.26"]
[Round "2"]
[White "Fridman,D"]
[Black "Carlsen,M"]
[Result "0-1"]
[WhiteElo "2590"]
[BlackElo "2830"]
[EventDate "2024.03.26"]
[Annotator "novelty-grinder 0.1-dev"]

1. d4 Nf6 2. Nf3 b6 3. g3 Bb7 { Eval=62.43% N=752 } 4. Bg2 g6 { Eval=67.59% N=230 } 5. c4 Bg7 { Eval=67.51% N=567 } 6. O-O O-O { Eval=67.58% N=865 } 7. d5 Na6 { Eval=68.51% N=94 } 8. Nc3 Nc5 { Eval=68.31% N=107 } 9. Nd4 e5 { Eval=65.20% N=45 } 10. Nb3 d6 { Eval=65.18% N=18[%cal Rc1g5] } 11. Nxc5 ( { Eval=64.66% } 11. Bg5 $146 ) 11... bxc5 12. a3 Nd7 13. e4 f5 14. b4 Ba6 15. Qd3 Bc8 16. Na4 Nf6 17. f3 cxb4 18. axb4 f4 19. Nc3 g5 20. g4 h5 21. h3 hxg4 22. hxg4 Nxg4 23. fxg4 Bxg4 24. Bh3 Qd7 25. Bxg4 Qxg4+ 26. Kf2 Qh4+ 27. Ke2 g4 28. Kd1 f3 29. Kc2 f2 30. Qe2 Rf3 31. Be3 Raf8 32. Rxa7 g3 33. Ra8 Rxa8 34. Qxf3 Qh3 35. Rh1 Rf8 36. Rxh3 Rxf3 37. Bxf2 Rxf2+ 38. Kb3 g2 39. Rg3 Kf7 40. c5 Bf8 41. Kc4 Bh6 42. b5 dxc5 43. d6 cxd6 44. b6 Rb2 45. b7 Rb4+ 46. Kd5 Rxb7 47. Rxg2 Rb6 48. Ra2 Rb3 49. Ra7+ Kf6 50. Kc4 Rb4+ 51. Kd5 Bd2 52. Ne2 Rb3 53. Ra2 Bb4 54. Kxd6 Rd3+ 55. Kc6 Kg5 56. Kb5 Kg4 57. Kc4 Rd1 58. Rc2 Kf3 59. Nc1 Kxe4 60. Nb3 Rd3 61. Re2+ Re3 62. Nc1 Rxe2 63. Nxe2 Kf3 64. Ng1+ Kg2 65. Ne2 Kf2 66. Nc1 e4 67. Kd5 e3 68. Nd3+ Kf1 0-1

[Event "GRENKE Chess Classic 2024"]
[Site "Karlsruhe GER"]
[Date "2024.03.27"]
[Round "3"]
[White "Vachier Lagrave,M"]
[Black "Fridman,D"]
[Result "0-1"]
[WhiteElo "2728"]
[BlackElo "2590"]
[EventDate "2024.03.26"]
[Annotator "novelty-grinder 0.1-dev"]

1. e4 e6 2. d4 d5 3. e5 c5 { Eval=62.40% N=12369 } 4. c3 Qb6 { Eval=62.62% N=2877[%cal Ga2a3,Gf1d3] } 5. Nf3 ( { Eval=62.62% Popularity=0.97% } 5. Bd3 ) ( { Eval=61.77% Popularity=3.51% } 5. a3 ) 5... Nc6 { Eval=62.76% N=5371 } 6. a3 Nh6 { Eval=61.55% N=1317 } 7. Bd3 cxd4 { Eval=62.20% N=89 } 8. O-O Bd7 { Eval=62.16% N=10[%cal Rd1e2,Rf1e1] } 9. b4 ( { Eval=61.84% } 9. Re1 $146 ) ( { Eval=61.72% } 9. Qe2 $146 ) 9... Rc8 10. h3 a6 11. Bb2 Nf5 12. Bxf5 exf5 13. cxd4 Na5 14. Nc3 Nc4 15. Bc1 Qc6 16. Re1 Be7 17. Bg5 Bxg5 18. Nxg5 O-O 19. Ne2 h6 20. Nf3 Nb2 21. Qb1 Qc2 22. Nf4 Be6 23. a4 g5 24. Ra2 Qxb1 25. Rxb1 gxf4 26. Rbxb2 Rc1+ 27. Kh2 Rfc8 28. Ng1 Rf1 29. Ne2 f3 30. gxf3 Rxf2+ 31. Kg3 Rf1 32. b5 a5 33. Rc2 Rc4 34. Rxc4 dxc4 35. Nc3 Rc1 36. Ra3 Rc2 37. d5 Bd7 38. d6 Be6 39. Nd5 Kf8 40. Rc3 Re2 41. Ne3 Ra2 42. Kf4 Rxa4 43. Nxf5 Ra1 44. Nd4 Bd5 45. Nc2 Rb1 46. Na3 Rb3 47. Rxb3 cxb3 48. Ke3 Ke8 49. f4 Be6 50. h4 b2 51. Kd4 Bf5 52. Kc5 Kd7 53. Kb6 a4 54. Ka5 Bc2 0-1

[Event "GRENKE Chess Classic 2024"]
[Site "Karlsruhe GER"]
[Date "2024.03.27"]
[Round "3"]
[White "Carlsen,M"]
[Black "Ding Liren"]
[Result "1/2-1/2"]
[WhiteElo "2830"]
[BlackElo "2762"]
[EventDate "2024.03.26"]
[Annotator "novelty-grinder 0.1-dev"]

1. d4 Nf6 2. c4 e6 3. Nf3 d5 { Eval=60.18% N=80630 } 4. cxd5 exd5 { Eval=58.31% N=1042[%cal Gc1f4] } 5. Nc3 ( { Eval=58.40% Popularity=1.63% } 5. Bf4 ) 5... c6 { Eval=57.98% N=3007 } 6. Bf4 Bf5 { Eval=57.68% N=152[%cal Rf3h4,Gh2h3] } 7. e3 ( { Eval=57.23% } 7. Nh4 $146 ) ( { Eval=56.99% Popularity=1.32% } 7. h3 ) 7... Nbd7 { Eval=57.45% N=59[%cal Rh2h4,Rf3d2] } 8. Nh4 ( { Eval=57.51% } 8. h4 $146 ) ( { Eval=56.88% } 8. Nd2 $146 ) 8... Be4 { Eval=63.04% N=1[%cal Rf4g3] } 9. f3 ( { Eval=62.59% } 9. Bg3 $146 ) 9... Bg6 10. g4 Be7 11. Nxg6 hxg6 12. Qc2 Nf8 13. O-O-O Ne6 14. Bg3 Bd6 15. Be1 Qc7 16. Kb1 O-O-O 17. h4 Kb8 18. Rg1 a6 19. Rg2 g5 20. h5 c5 21. dxc5 Bxc5 22. Na4 Bxe3 23. Qb3 d4 24. Rc2 Qd6 25. Ba5 Qd5 26. Bxd8 Qxb3 27. axb3 Rxd8 28. Nc5 Nd5 29. Bd3 Nb4 30. Nxe6 fxe6 31. Rc5 Rd5 32. Rc4 a5 33. Be4 Rd6 34. Rc5 b6 35. Rc4 e5 36. Rxb4 axb4 37. Kc2 d3+ 38. Rxd3 Rxd3 39. Kxd3 Bc1 40. Kc4 Kc7 41. Kd5 Kd7 42. Kxe5 Ke7 43. Kf5 Bd2 44. Kg6 Kf8 45. Bd5 Bc1 46. Bc4 Bd2 47. Bd5 Bc1 48. Bc4 Bd2 1/2-1/2

[Event "GRENKE Chess Classic 2024"]
[Site "Karlsruhe GER"]
[Date "2024.03.27"]
[Round "3"]
[White "Rapport,R"]
[Black "Keymer,Vincent"]
[Result "1/2-1/2"]
[WhiteElo "2720"]
[BlackElo "2738"]
[EventDate "2024.03.26"]
[Annotator "novelty-grinder 0.1-dev"]

1. e4 e5 2. Nf3 Nc6 3. Bc4 Nf6 { Eval=60.41% N=14950 } 4. d3 Bc5 { Eval=60.93% N=7563[%cal Gc1g5,Re1g1,Gb1d2] } 5. c3 ( { Eval=60.40% } 5. O-O $146 ) ( { Eval=60.09% Popularity=1.88% } 5. Nbd2 ) ( { Eval=60.36% Popularity=3.44% } 5. Bg5 ) 5... a6 { Eval=61.78% N=3434[%cal Gc1g5,Re1g1] } 6. Nbd2 ( { Eval=61.78% Popularity=0.73% } 6. Bg5 ) ( { Eval=61.24% } 6. O-O $146 ) 6... O-O { Eval=59.77% N=204[%cal Rb2b4,Re1g1,Ga2a4] } 7. Bb3 ( { Eval=59.77% } 7. O-O $146 ) ( { Eval=59.99% Popularity=3.92% } 7. a4 ) ( { Eval=59.23% } 7. b4 $146 ) 7... d6 { Eval=59.38% N=516[%cal Re1g1,Rb3c2] } 8. Nf1 ( { Eval=58.87% } 8. O-O $146 ) ( { Eval=58.76% } 8. Bc2 $146 ) 8... Be6 { Eval=58.75% N=17[%cal Rb3e6,Rc1g5] } 9. Ng3 ( { Eval=58.28% } 9. Bg5 $146 ) ( { Eval=58.42% } 9. Bxe6 $146 ) 9... h6 10. O-O Bxb3 11. axb3 Re8 12. b4 Bb6 13. Re1 Ne7 14. Nh4 Qd7 15. h3 Rad8 16. Qf3 Kh7 17. Nhf5 Nxf5 18. Nxf5 Ng8 19. c4 Re6 20. Be3 Bxe3 21. Qxe3 Ne7 22. Nxe7 Rxe7 23. Ra5 Rde8 24. Rea1 c6 25. Qb6 Re6 26. Qe3 Rg6 27. Kh2 f5 28. Rd1 Qf7 29. b3 Rf8 30. f3 f4 31. Qf2 Rg3 32. d4 Qh5 33. dxe5 dxe5 34. Rd6 Re8 35. Ra2 Re7 36. Rad2 Qh4 37. Qf1 Rg5 38. Qf2 Rg3 39. Qf1 Rg5 40. c5 Qg3+ 41. Kh1 Qh4 42. Rd7 Rg6 43. R7d6 Ree6 44. Qd1 Qg5 45. Kg1 Qg3 46. Rxe6 Rxe6 47. Rd6 Rg6 48. Rxg6 Qxg6 49. Qd7 Qg3 50. Kf1 Qh2 51. Qf5+ Kh8 52. Qf8+ Kh7 53. Qf5+ Kh8 54. Qxe5 Qh1+ 55. Kf2 Qc1 56. Qd4 Qc2+ 57. Kg1 Qb1+ 58. Kh2 Qe1 59. Qd8+ Kh7 60. Qd3 Qg3+ 61. Kh1 Qe1+ 62. Kh2 Qg3+ 63. Kg1 Qe1+ 64. Kh2 Qg3+ 1/2-1/2

[Event "GRENKE Chess Classic 2024"]
[Site "Karlsruhe GER"]
[Date "2024.03.27"]
[Round "4"]
[White "Rapport,R"]
[Black "Fridman,D"]
[Result "1-0"]
[WhiteElo "2720"]
[BlackElo "2590"]
[EventDate "2024.03.26"]
[Annotator "novelty-grinder 0.1-dev"]

1. e4 e6 2. d3 c5 3. g3 Nc6 { Eval=59.33% N=519[%cal Gg1f3] } 4. Bg2 ( { Eval=59.33% Popularity=4.43% } 4. Nf3 ) 4... g6 { Eval=60.62% N=331[%cal Gc2c3] } 5. f4 ( { Eval=60.62% Popularity=3.93% } 5. c3 ) 5... Bg7 { Eval=60.11% N=516 } 6. Nf3 Nge7 { Eval=60.07% N=480[%cal Ra2a4] } 7. O-O ( { Eval=59.97% } 7. a4 $146 ) 7... O-O { Eval=59.51% N=347[%cal Ga2a4] } 8. c3 ( { Eval=59.65% Popularity=0.58% } 8. a4 ) 8... d6 { Eval=59.46% N=663[%cal Gb1d2] } 9. a4 ( { Eval=58.62% Popularity=0.30% } 9. Nbd2 ) 9... b6 { Eval=59.64% N=25[%cal Rd1c2,Rd1e2,Rf3h4] } 10. Na3 ( { Eval=59.45% } 10. Qe2 $146 ) ( { Eval=59.06% } 10. Qc2 $146 ) ( { Eval=59.29% } 10. Nh4 $146 ) 10... Rb8 11. Be3 Ba6 12. Bf2 Qd7 13. Re1 Rbd8 14. d4 cxd4 15. cxd4 Nb4 16. Nb5 Rc8 17. Re2 Bxb5 18. axb5 Qxb5 19. Rxa7 Nd3 20. Bf1 Rc1 21. Qd2 Nc6 22. Ra3 Ncb4 23. Ne1 Nxe1 24. Qxc1 Nbd3 25. Rxe1 1-0

[Event "GRENKE Chess Classic 2024"]
[Site "Karlsruhe GER"]
[Date "2024.03.27"]
[Round "4"]
[White "Carlsen,M"]
[Black "Vachier Lagrave,M"]
[Result "1/2-1/2"]
[WhiteElo "2830"]
[BlackElo "2728"]
[EventDate "2024.03.26"]
[Annotator "novelty-grinder 0.1-dev"]

1. e4 c5 2. Nf3 d6 3. Nc3 Nf6 { Eval=65.05% N=2847 } 4. Be2 e5 { Eval=59.43% N=8[%cal Re1g1] } 5. Bc4 ( { Eval=58.83% } 5. O-O $146 ) 5... Be7 6. d3 Nc6 7. Bg5 Nd7 8. Bxe7 Qxe7 9. Nd5 Qd8 10. h4 h6 11. c3 Nf6 12. Nd2 O-O 13. Nxf6+ Qxf6 14. Nf1 Kh8 15. Ne3 Qg6 16. g4 Nd8 17. Qf3 Bd7 18. g5 Ne6 19. gxh6 gxh6 20. Nd5 f5 21. O-O-O b5 22. Rhg1 Qh7 23. Bb3 c4 24. Bc2 fxe4 25. Qxe4 Qxe4 26. dxe4 Be8 27. f4 Bh5 28. Rd2 exf4 29. Nc7 Rg8 30. Rxg8+ Rxg8 31. Nxe6 Rg1+ 32. Bd1 Rf1 33. Rxd6 f3 34. Nf4 Bg4 35. Ng6+ Kg7 36. Kc2 h5 37. Ne5 f2 38. Rg6+ Kh7 39. Rf6 Bxd1+ 40. Kd2 Bg4 41. Ke3 Re1+ 42. Kxf2 Rxe4 43. Nxg4 Rxg4 44. Rf5 Kg6 45. Rxb5 Rxh4 46. Kg3 Rg4+ 47. Kh3 Re4 48. a4 a6 49. Ra5 Re6 50. Kh4 Re4+ 51. Kg3 Re6 52. Rc5 Rb6 53. Rxc4 Rxb2 54. Rc6+ Kf7 55. Rxa6 Ke7 56. Kf4 h4 57. Ke5 h3 58. Ra7+ Kd8 59. Rh7 h2 60. c4 Rd2 61. c5 Kc8 62. a5 Rd1 63. Rxh2 Kb7 64. Rh6 Re1+ 65. Kd6 Rd1+ 66. Ke7 Kc7 67. a6 Ra1 68. Rf6 Ra5 69. c6 Rxa6 70. Re6 Rxc6 71. Rxc6+ Kxc6 1/2-1/2

[Event "GRENKE Chess Classic 2024"]
[Site "Karlsruhe GER"]
[Date "2024.03.27"]
[Round "4"]
[White "Ding Liren"]
[Black "Keymer,Vincent"]
[Result "1/2-1/2"]
[WhiteElo "2762"]
[BlackElo "2738"]
[EventDate "2024.03.26"]
[Annotator "novelty-grinder 0.1-dev"]

1. d4 Nf6 2. c4 e6 3. Nc3 Bb4 { Eval=62.51% N=75953 } 4. Nf3 d6 { Eval=63.40% N=96[%cal Gd1b3] } 5. Qc2 ( { Eval=62.57% Popularity=3.12% } 5. Qb3 ) 5... O-O { Eval=63.37% N=466[%cal Ge2e3] } 6. Bd2 ( { Eval=62.59% Popularity=3.43% } 6. e3 ) 6... b6 { Eval=61.16% N=60[%cal Rb2b3,Rg2g4] } 7. e4 ( { Eval=60.20% } 7. g4 $146 ) ( { Eval=60.23% } 7. b3 $146 ) 7... c5 { Eval=61.00% N=14 } 8. a3 Bxc3 9. Bxc3 cxd4 10. Nxd4 e5 11. Nf5 Bxf5 12. exf5 Nc6 13. O-O-O Rc8 14. Qd3 Qc7 15. Qxd6 Qxd6 16. Rxd6 Ne4 17. Rd7 Nxc3 18. bxc3 Rfd8 19. Rxd8+ Nxd8 20. Be2 Kf8 21. Rd1 Ke7 22. Rd5 f6 23. Kc2 Nb7 24. Kb3 Nc5+ 25. Kb4 Rd8 26. a4 Ne4 27. f3 a5+ 28. Kb3 Nc5+ 29. Ka3 Rd6 30. Bd1 Na6 31. Bc2 Nc7 32. Rxd6 Kxd6 33. Be4 Na6 34. g4 Nc5 35. h4 h5 36. gxh5 Ke7 37. Bc6 e4 38. fxe4 Kd6 39. Bd5 Ke5 40. Bc6 Nxe4 41. Bxe4 Kxe4 42. Kb3 Kxf5 43. c5 bxc5 44. Kc4 Ke4 45. Kxc5 f5 46. c4 f4 47. Kb6 f3 48. c5 f2 49. c6 f1=Q 50. c7 Qf5 51. Kb7 Qd7 52. Kb8 Qd6 53. Kb7 Qd7 54. Kb8 Qxa4 55. c8=Q Qd4 56. Qg4+ Kd5 57. Qd7+ Ke4 58. Qg4+ Kd5 59. Qd7+ Ke4 1/2-1/2

[Event "GRENKE Chess Classic 2024"]
[Site "Karlsruhe GER"]
[Date "2024.03.28"]
[Round "5"]
[White "Keymer,Vincent"]
[Black "Carlsen,M"]
[Result "0-1"]
[WhiteElo "2738"]
[BlackElo "2830"]
[EventDate "2024.03.26"]
[Annotator "novelty-grinder 0.1-dev"]

1. d4 Nf6 2. c4 e6 3. Nc3 c5 { Eval=70.22% N=2620 } 4. d5 exd5 { Eval=74.34% N=10587 } 5. cxd5 d6 { Eval=74.56% N=9782[%cal Rf2f4] } 6. Nf3 ( { Eval=74.08% } 6. f4 $146 ) 6... g6 { Eval=71.48% N=9599[%cal Ga2a4] } 7. Bf4 ( { Eval=70.52% Popularity=0.01% } 7. a4 ) 7... Bg7 { Eval=69.40% N=906 } 8. Qa4+ Bd7 { Eval=63.10% N=645[%cal Ra4d1] } 9. Qb3 ( { Eval=63.09% } 9. Qd1 $146 ) 9... b5 { Eval=62.76% N=180 } 10. Bxd6 Qb6 { Eval=62.92% N=135 } 11. Be5 O-O { Eval=62.17% N=119 } 12. e3 c4 { Eval=62.10% N=101 } 13. Qd1 b4 { Eval=61.87% N=80 } 14. Nb1 Bb5 { Eval=60.62% N=13 } 15. a4 Ba6 16. Nbd2 Rc8 17. Rc1 c3 18. bxc3 Bxf1 19. Kxf1 Nbd7 20. Bxf6 Nxf6 21. cxb4 Qa6+ 22. b5 Rxc1 23. Qxc1 Qxa4 24. g3 Qxb5+ 25. Kg2 Qxd5 26. Qc4 a5 27. Ra1 Qxc4 28. Nxc4 a4 29. Nb6 Nd5 30. Rxa4 Nxb6 31. Rb4 Nd5 32. Rb7 h6 33. Rd7 Nc3 34. Rd2 Bf6 35. h4 Ra2 36. Rxa2 Nxa2 37. Ne1 Nb4 38. Nf3 Bc3 39. Ng1 Kg7 40. Kf3 Kf6 41. Ne2 Be5 42. Ng1 Ke6 43. Ne2 Kd5 44. Ng1 Nd3 45. Ke2 Nc1+ 46. Kd2 Na2 47. Kd3 Nc3 48. Nf3 Ne4 49. Ke2 Bg7 50. Ne1 Kc4 51. Kf3 Nc3 52. Kg2 Nd5 53. Kf1 Bc3 54. Nf3 Kd3 55. Ng1 Nf6 56. Nh3 Be5 57. Ng1 Ne4 58. Kg2 f5 59. Nh3 g5 60. hxg5 hxg5 61. f4 g4 62. fxe5 gxh3+ 63. Kxh3 Ng5+ 64. Kh4 Nf3+ 65. Kh5 Nxe5 66. Kg5 Ke4 0-1

[Event "GRENKE Chess Classic 2024"]
[Site "Karlsruhe GER"]
[Date "2024.03.28"]
[Round "5"]
[White "Fridman,D"]
[Black "Ding Liren"]
[Result "1/2-1/2"]
[WhiteElo "2590"]
[BlackElo "2762"]
[EventDate "2024.03.26"]
[Annotator "novelty-grinder 0.1-dev"]

1. Nf3 Nf6 2. g3 d5 3. Bg2 c5 { Eval=58.46% N=2710 } 4. O-O e6 { Eval=58.59% N=1517[%cal Gb1a3] } 5. c4 ( { Eval=58.28% Popularity=0.07% } 5. Na3 ) 5... d4 { Eval=58.59% N=1134 } 6. e3 Nc6 { Eval=58.59% N=905 } 7. d3 h6 { Eval=61.77% N=19 } 8. exd4 cxd4 9. Bf4 Nd7 10. Re1 Be7 11. Na3 O-O 12. Nc2 Re8 13. Be5 Ncxe5 14. Nxe5 Nxe5 15. Rxe5 Bd7 16. Re4 Qc7 17. Nxd4 Rad8 18. Qb3 Bc6 19. Nxc6 bxc6 20. d4 Rd7 21. Rd1 Red8 22. d5 cxd5 23. cxd5 Rxd5 24. Rxd5 Rxd5 25. Rc4 Rc5 26. Rxc5 Bxc5 27. Qb5 g6 28. Bf3 Qe5 29. Qe2 Qd4 30. Kg2 h5 31. h4 Kg7 32. a3 a5 33. b4 axb4 34. axb4 Qxb4 35. Qe5+ Kg8 36. Qe4 Qb2 37. Qe2 Qd4 38. Bc6 Kg7 39. Bf3 e5 40. Bc6 f5 41. Bb7 e4 42. Bc6 Kf6 43. Bb7 g5 44. hxg5+ Kxg5 45. Bc6 Qd3 46. f4+ exf3+ 47. Bxf3 Qxe2+ 1/2-1/2

[Event "GRENKE Chess Classic 2024"]
[Site "Karlsruhe GER"]
[Date "2024.03.28"]
[Round "6"]
[White "Fridman,D"]
[Black "Keymer,Vincent"]
[Result "1/2-1/2"]
[WhiteElo "2590"]
[BlackElo "2738"]
[EventDate "2024.03.26"]
[Annotator "novelty-grinder 0.1-dev"]

1. Nf3 Nf6 2. g3 b5 3. Bg2 Bb7 { Eval=60.95% N=1780[%cal Re1g1] } 4. Na3 ( { Eval=60.93% } 4. O-O $146 ) 4... a6 { Eval=59.06% N=175[%cal Rd2d3] } 5. c4 ( { Eval=58.55% } 5. d3 $146 ) 5... bxc4 { Eval=62.99% N=6 } 6. Nxc4 e6 7. O-O Be7 8. d3 c5 9. Qb3 Ra7 10. Qb6 Qxb6 11. Nxb6 Nc6 12. b3 d6 13. Bb2 e5 14. Nd2 Nb4 15. a3 Nbd5 16. Nxd5 Nxd5 17. e3 f6 18. d4 cxd4 19. exd4 Kf7 20. Nc4 Nc7 21. dxe5 dxe5 22. f4 exf4 23. Rxf4 Ne6 24. Rff1 Rd8 25. b4 Bxg2 26. Kxg2 Rc7 27. Rac1 Rdc8 28. Ne5+ Ke8 29. Rxc7 Rxc7 30. Nd3 Kd7 31. Rf2 Bd6 32. Rd2 Ke7 33. Nc1 Rc4 34. Nb3 Bc7 35. Nd4 Nxd4 36. Bxd4 Bd6 37. Kf3 h5 38. h3 Rc1 39. Rd3 Ke6 40. Be3 Rh1 41. Kg2 Ra1 42. Bf4 Bxf4 43. gxf4 Kf5 44. Kf3 Rf1+ 45. Kg2 Ke4 46. Rd6 Rb1 47. Rxa6 Kxf4 48. h4 Rb2+ 49. Kf1 Kf3 50. Ke1 Kg4 51. Kd1 Kxh4 52. Kc1 Re2 53. b5 Kg3 54. b6 Re8 55. a4 h4 56. Ra7 Rg8 57. a5 h3 58. Rd7 h2 59. Rd3+ Kh4 60. Rd4+ Kh3 61. Rd3+ Kh4 62. Rd4+ Kh3 63. Rd3+ Kh4 1/2-1/2

[Event "GRENKE Chess Classic 2024"]
[Site "Karlsruhe GER"]
[Date "2024.03.28"]
[Round "6"]
[White "Carlsen,M"]
[Black "Rapport,R"]
[Result "1-0"]
[WhiteElo "2830"]
[BlackElo "2720"]
[EventDate "2024.03.26"]
[Annotator "novelty-grinder 0.1-dev"]

1. d4 Nf6 2. c4 e6 3. Nf3 c5 { Eval=70.33% N=11488 } 4. d5 d6 { Eval=70.29% N=1952 } 5. Nc3 exd5 { Eval=71.59% N=1860 } 6. cxd5 g6 { Eval=71.46% N=9599[%cal Ga2a4] } 7. h3 ( { Eval=70.54% Popularity=0.01% } 7. a4 ) 7... Bg7 { Eval=69.54% N=773[%cal Rf3d2] } 8. e4 ( { Eval=68.83% } 8. Nd2 $146 ) 8... O-O { Eval=68.92% N=1944[%cal Gf3d2] } 9. Be3 ( { Eval=68.92% Popularity=0.15% } 9. Nd2 ) 9... Re8 { Eval=64.41% N=33 } 10. Nd2 a6 11. a4 Nxe4 12. Ncxe4 f5 13. Be2 fxe4 14. Nc4 a5 15. Bf4 Bf8 16. Ra3 Na6 17. O-O Nb4 18. Qd2 b6 19. Rg3 Ra7 20. h4 Rf7 21. Bg5 Be7 22. Bxe7 Qxe7 23. h5 Bf5 24. Bg4 Bxg4 25. Rxg4 Rg7 26. Re1 gxh5 27. Rgxe4 Qxe4 28. Rxe4 Rxe4 29. Nxd6 Re5 30. f4 Rxd5 31. Qe2 h6 32. Qe6+ 1-0

[Event "GRENKE Chess Classic 2024"]
[Site "Karlsruhe GER"]
[Date "2024.03.28"]
[Round "6"]
[White "Ding Liren"]
[Black "Vachier Lagrave,M"]
[Result "1/2-1/2"]
[WhiteElo "2762"]
[BlackElo "2728"]
[EventDate "2024.03.26"]
[Annotator "novelty-grinder 0.1-dev"]

1. d4 Nf6 2. Nf3 g6 3. c4 Bg7 { Eval=62.52% N=35360 } 4. e3 O-O { Eval=62.36% N=722 } 5. Be2 c5 { Eval=61.90% N=387 } 6. d5 e6 { Eval=61.74% N=117[%cal Re1g1] } 7. Nc3 ( { Eval=61.28% } 7. O-O $146 ) 7... d6 { Eval=61.18% N=193 } 8. O-O exd5 { Eval=60.84% N=132 } 9. cxd5 Bg4 { Eval=60.80% N=43[%cal Ga2a4] } 10. h3 ( { Eval=60.64% Popularity=4.65% } 10. a4 ) 10... Bxf3 { Eval=60.72% N=31 } 11. Bxf3 Qe7 12. Bd2 Nbd7 13. Qc2 a6 14. a4 c4 15. Be2 Rac8 16. Rfd1 Rfe8 17. Rac1 Nc5 18. Bxc4 Nce4 19. Bf1 Nxd2 20. Qxd2 Rc5 21. b4 Rc7 22. b5 axb5 23. Nxb5 Rxc1 24. Qxc1 Ne4 25. Bd3 Nc5 26. Qc4 Rc8 27. Bc2 Qd8 28. Qe2 h5 29. Rb1 Be5 30. Nd4 Qe7 31. Nf3 Bf6 32. Rb4 Qd8 33. g3 Kg7 34. Kg2 Qa5 35. Qb5 Qd8 36. Qe2 Qa5 37. Qb5 Qd8 38. Qe2 1/2-1/2

[Event "GRENKE Chess Classic 2024"]
[Site "Karlsruhe GER"]
[Date "2024.03.30"]
[Round "7"]
[White "Rapport,R"]
[Black "Ding Liren"]
[Result "1-0"]
[WhiteElo "2720"]
[BlackElo "2762"]
[EventDate "2024.03.26"]
[Annotator "novelty-grinder 0.1-dev"]

1. e4 e5 2. Bc4 Nf6 3. Nc3 Bc5 { Eval=58.46% N=355[%cal Rh2h3] } 4. Nge2 ( { Eval=57.57% } 4. h3 $146 ) 4... O-O { Eval=58.10% N=1 } 5. O-O c6 6. d4 exd4 7. Nxd4 d5 8. exd5 cxd5 9. Bb3 Bg4 10. f3 Nc6 11. Ne2 Bh5 12. c3 Re8 13. Bg5 Bg6 14. Kh1 Qb6 15. Bxf6 gxf6 16. Nf4 Ne7 17. Qd2 Kg7 18. Rfe1 Bxd4 19. Qxd4 Qxd4 20. cxd4 Nf5 21. Red1 Rad8 22. Rac1 Ne3 23. Re1 Nc4 24. Rxe8 Rxe8 25. h4 b5 26. Nxd5 Nxb2 27. Rc7 a5 28. Nf4 a4 29. Bd5 Nd3 30. Nxg6 hxg6 31. Rxf7+ Kh6 32. Rxf6 Rd8 33. Bc6 Kg7 34. Re6 Rxd4 35. Bxb5 Rxh4+ 36. Kg1 Rd4 37. a3 g5 38. Re3 Nf4 39. Re4 Rd1+ 40. Bf1 Nd5 41. Kf2 Rd2+ 42. Kg3 Rd1 43. Bc4 Nf4 44. Kg4 Nxg2 45. Kxg5 Ra1 46. Re8 Rxa3 47. Rg8+ Kh7 48. Rf8 Rc3 49. Rf7+ Kg8 50. Be6 Re3 51. Bd5 a3 52. Kh6 Rd3 53. Bc4 Ne3 54. Rg7+ 1-0